000 00916cab a22001935a 4500
001 L152888
008 110511e20110421xxk 000 0 eng d
035 _a(Sirsi) u152888
041 0 _aeng
100 1 _aAnderson, Alexandra
245 0 0 _aWatch the damage, not the cash
_bcontractors generally have no duty to protect clients against economic loss caused by defects
260 _c2011
490 _aConstruction News
_v(7214) 21 April 2011, 34(1)
520 _aIn the Robinson v Jones case the court found that while a contractor will owe a duty to protect his client against personal injury or damage to other property caused by any defects with the works, he will not owe a duty to protect against purely economic losses caused by defects with the works.
590 _aKA
651 4 _aUnited Kingdom
_y
690 _aBUILT ENVIRONMENT-CONSTRUCTION MANAGEMENT-BUILDING CONTRACT ADMINISTRATION
942 _n0
999 _c83136
_d83136